مع المسيح فى الأناجيل الأربعة/ (Record no. 15786)
[ view plain ]
| 000 -الفاتح | |
|---|---|
| حقل البيانات ثابتة الطول | 00695nam a22001577a 4500 |
| 008 - عناصر البيانات ثابتة الطول - معلومات عامة | |
| حقل البيانات ثابتة الطول | 110804t xxu||||g |||| 000 0 ara d |
| 082 ## - رقم تصنيف ديوى العشرى | |
| رقم الطبعة | 22 |
| رقم التصنيف | 297.2465 |
| رقم المادة | ع ث م |
| 100 ## - المدخل الرئيسى - إسم شخصى | |
| 9 (RLIN) | 26580 |
| الإسم الشخصى | عثمان،فتحى |
| 245 ## - بيان العنوان | |
| العنوان | مع المسيح فى الأناجيل الأربعة/ |
| بيان المسئوليه,etc | فتحى عثمان. |
| 260 ## - PUBLICATION, DISTRIBUTION, ETC. (IMPRINT) | |
| مكان الناشر او الموزع | [القاهرة]: |
| اسم الناشر او الموزع | الرار القومية للطباعة و النشر،[1966] |
| تاريخ النشر أو التوزيع | [1966]. |
| 300 ## - الوصف المادى | |
| التعداد | 461ص، |
| أبعاد الوعاء | 24سم |
| 650 ## - المدخل الاضافى بالموضوع-مصطلح موضوعى | |
| 9 (RLIN) | 26579 |
| مصطلح موضوعي أو اسم جغرافي كعنصر مدخل | الاسلام و المسيحية |
| 653 ## - مصطلح تكشيفى غير مقيد | |
| Resource For college | |
| Arrived date list | August2011 |
| 942 ## - عناصر المدخل الإضافي( كوها) | |
| مصدر التصنيف او مخطط الترفيف | Dewey Decimal Classification |
| Koha [default] item type | Book - Borrowing |
| حالة التراجع | حالة الفقد | مصدر التصنيف او خطة الترفيف | حالة تلف | ليس للاعارة | المكان الدائم | المكان الحالي | موقع الترفيف | تاريخ الاكتساب | Source of acquisition | رقم الاستدعاء | الباركود | Date last seen | نوع الوعاء |
|---|---|---|---|---|---|---|---|---|---|---|---|---|---|
| Dewey Decimal Classification | Central Library | Central Library | Lower Floor | 04/08/2011 | Donation | 297.2465 ع ث م | 000024450 | 15/07/2025 | Book - Borrowing |